Dialéctica del individuo, de las clases y el derrumbe capitalista (Registro nro. 316627)

Detalles MARC
000 -ENCABEZADO
Número de control [NR] 00663 a2200181 4500
005 - FECHA Y HORA DE LA ÚLTIMA TRANSACCIÓN
control field 20211029094224.0
008 - DE LONGITUD FIJA DE DATOS DE ELEMENTOS - INFORMACIÓN GENERAL
Elementos de longitud fija [NR] 210902s1981 ck |||gr|||| 00| 0 spa d
040 ## - FUENTE DE CATALOGACION [NR]
Agencia de catalogación original [NR] CO-BoUCM
Idioma de catalogación [NR] spa
Quien Cataloga Deissy Garcia
Quien Clasifica Deissy Garcia
100 ## - ASIENTO PRINCIPAL--NOMBRE PERSONAL [NR]
Nombre personal [NR] Zuluaga Monedero, Gerardo
ID Autoridad 105254
245 #0 - MENCION DE TITULO [NR]
Título [NR] Dialéctica del individuo, de las clases y el derrumbe capitalista
Mención de responsabilidad, etc. [NR] Gerardo Zuluaga Monedero
260 ## - PUBLICACION, DISTRIBUCION, ETC. (PIE DE IMPRENTA) [R]
Lugar de publicación, distribución, etc. [R] Bogotá
Nombre del editor, distribuidor, etc. [R] Ediciones la Rosa
Fecha de publicación, distribución, etc. [R] 1981
300 ## - DESCRIPCION FISICA [R]
Extensión [R] 200 páginas
504 ## - NOTA DE BIBLIOGRAFIA, ETC. [R]
Nota de bibliografía, etc. [NR] Incluye referencias bibliográficas
600 ## - ASIENTO SECUNDARIO DE MATERIA - NOMBRE PERSONAL [R]
Nombre personal [NR] Marx, Karl
Fechas asociadas con el nombre [NR] 1818-1883
9 (RLIN) 34075
650 ## - ASIENTO SECUNDARIO DE MATERIA - TERMINO TEMATICO [R]
Término temático o nombre geográfico como elemento de entrada [NR] Comunismo
9 (RLIN) 11425
942 ## - ELEMENTOS DE ENTRADA AGREGADOS (KOHA)
Tipo de ítem principal el descrito en 300a Libro
Sistema de clasificación DEWEY
Tema principal Economía
Edición 1
Clasificación 335.43
Parte restante de la signatura top. Z947d
Título oculto en OPAC No
Existencias
Signatura topográfica Código de barras Última vez visto Ejemplar Costo de reposición Price effective from Tipo de ítem Nota pública (OPAC) Perdido Sistema de clasificación Dañado No prestable Tipo de ítem específico Suprimido Ubicación habitual Ubicación actual Localización Fecha de creación Proveedor Forma de adquisición Costo
335.43 Z947d 100165039 04/12/2025 Ej.1 26000.00 14/11/2019 Libro Galería de donantes   DEWEY     Libro   Claustro Claustro 3er piso 14/11/2019 12 Donación 0.00